Oxford companion to economics in India (Record no. 5709)

MARC details
000 -LEADER
fixed length control field 00408nam a2200157Ia 4500
020 ## - INTERNATIONAL STANDARD BOOK NUMBER
ISBN 978-0-19-566984-8
082 ## - DEWEY DECIMAL CLASSIFICATION NUMBER
Classification number 330.954 OXF-
245 #0 - TITLE STATEMENT
Title Oxford companion to economics in India
260 ## - PUBLICATION, DISTRIBUTION, ETC. (IMPRINT)
Place of publication New Delhi
Name of publisher Oxford University Press
Year of publication 2007
300 ## - PHYSICAL DESCRIPTION
Number of Pages ix, 602
504 ## - BIBLIOGRAPHY, ETC. NOTE
Bibliography, etc includes index
650 ## - SUBJECT ADDED ENTRY--TOPICAL TERM
Topical Term Economics
Geographic subdivision India
650 ## - SUBJECT ADDED ENTRY--TOPICAL TERM
Topical Term India
Form subdivision Economic conditions
700 ## - ADDED ENTRY--PERSONAL NAME
Personal name Basu, Kaushik
942 ## - ADDED ENTRY ELEMENTS (KOHA)
Koha item type Books
Holdings
Withdrawn status Lost status Damaged status Not for loan Home library Current library Date acquired Bill Date Full call number Accession Number Price effective from Koha item type
        NASSDOC Library NASSDOC Library 31/12/1899 2006-03-06 330.954 OXF- 43840 18/04/2019 Books